Proof of heaven : (Record no. 1647)

000 -LEADER
fixed length control field 05832nam a22005177a 4500
001 - CONTROL NUMBER
control field 17500857
003 - CONTROL NUMBER IDENTIFIER
control field OSt
005 - DATE AND TIME OF LATEST TRANSACTION
control field 20241030091044.0
008 - FIXED-LENGTH DATA ELEMENTS--GENERAL INFORMATION
fixed length control field 121019s2012 nyu b 001 0aeng
010 ## - LIBRARY OF CONGRESS CONTROL NUMBER
LC control number 2012034584
020 ## - INTERNATIONAL STANDARD BOOK NUMBER
International Standard Book Number 9781451695182
020 ## - INTERNATIONAL STANDARD BOOK NUMBER
International Standard Book Number 9781451695199 (trade paperback)
020 ## - INTERNATIONAL STANDARD BOOK NUMBER
Canceled/invalid ISBN 9781451695205 (ebook)
040 ## - CATALOGING SOURCE
Original cataloging agency DLC
Language of cataloging eng
Transcribing agency DLC
Description conventions rda
Modifying agency DLC
041 ## - LANGUAGE CODE
Language code of text/sound track or separate title eng
042 ## - AUTHENTICATION CODE
Authentication code pcc
043 ## - GEOGRAPHIC AREA CODE
Geographic area code n-us---
050 00 - LIBRARY OF CONGRESS CALL NUMBER
Classification number RD592.9.A54
Item number A3 2012
080 ## - UNIVERSAL DECIMAL CLASSIFICATION NUMBER
Universal Decimal Classification number 2
Item number A-33
082 00 - DEWEY DECIMAL CLASSIFICATION NUMBER
Classification number 617.4/8092
-- B
Edition number 23
084 ## - OTHER CLASSIFICATION NUMBER
Classification number REL085000
-- REL106000
-- MED000000
Number source bisacsh
100 1# - MAIN ENTRY--PERSONAL NAME
Personal name Alexander, Eben.
245 10 - TITLE STATEMENT
Title Proof of heaven :
Remainder of title a neurosurgeon's journey into the afterlife /
Statement of responsibility, etc. / by: Simon and Schuster
250 ## - EDITION STATEMENT
Edition statement First Simon & Schuster edition.
260 ## - PUBLICATION, DISTRIBUTION, ETC.
Place of publication, distribution, etc. New York
Name of publisher, distributor, etc. Simon and Schuster
Date of publication, distribution, etc. 2012
300 ## - PHYSICAL DESCRIPTION
Extent vi, 196 pages
Dimensions 22 cm
336 ## - CONTENT TYPE
Content type term text
Source rdacontent
337 ## - MEDIA TYPE
Media type term unmediated
Source rdamedia
338 ## - CARRIER TYPE
Carrier type term volume
Source rdacarrier
365 ## - TRADE PRICE
Price amount 15.99 usd
504 ## - BIBLIOGRAPHY, ETC. NOTE
Bibliography, etc. note Includes bibliographical references (pages 177-182) and index.
520 ## - SUMMARY, ETC.
Summary, etc. "A SCIENTIST'S CASE FOR THE AFTERLIFE Near-death experiences, or NDEs, are controversial. Thousands of people have had them, but many in the scientific community have argued that they are impossible. Dr. Eben Alexander was one of those people. A highly trained neurosurgeon who had operated on thousands of brains in the course of his career, Alexander knew that what people of faith call the "soul" is really a product of brain chemistry. NDEs, he would have been the first to explain, might feel real to the people having them, but in truth they are simply fantasies produced by brains under extreme stress. Then came the day when Dr. Alexander's own brain was attacked by an extremely rare illness. The part of the brain that controls thought and emotion--and in essence makes us human-- shut down completely. For seven days Alexander lay in a hospital bed in a deep coma. Then, as his doctors weighed the possibility of stopping treatment, Alexander's eyes popped open. He had come back. Alexander's recovery is by all accounts a medical miracle. But the real miracle of his story lies elsewhere. While his body lay in coma, Alexander journeyed beyond this world and encountered an angelic being who guided him into the deepest realms of super-physical existence. There he met, and spoke with, the Divine source of the universe itself. This story sounds like the wild and wonderful imaginings of a skilled fantasy writer. But it is not fantasy. Before Alexander underwent his journey, he could not reconcile his knowledge of neuroscience with any belief in heaven, God, or the soul. That difficulty with belief created an empty space that no professional triumph could erase. Today he is a doctor who believes that true health can be achieved only when we realize that God and the soul are real and that death is not the end of personal existence but only a transition. This story would be remarkable no matter who it happened to. That it happened to Dr. Alexander makes it revolutionary. No scientist or person of faith will be able to ignore it. Reading it will change your life"--
Assigning source Provided by publisher.
520 ## - SUMMARY, ETC.
Summary, etc. "Near-death experiences are controversial. Thousands of people have had them, but many in the scientific community have argued that they are impossible. Dr. Eben Alexander was one of those people. A highly trained neurosurgeon, Alexander knew that what people of faith call the "soul" is really a product of brain chemistry. NDEs, he would have been the first to explain, might feel real, but they are fantasies produced by brains under extreme stress. Then came the day when Dr. Alexander's own brain was attacked by a rare illness. The part of the brain that controls thought and emotion--and in essence makes us human--shut down completely. For seven days Alexander lay in a hospital bed in a deep coma. Then, as his doctors weighed the possibility of stopping treatment, Alexander's eyes popped open. He had come back. Alexander's recovery is a medical miracle. But the real miracle of his story lies elsewhere. While his body lay in coma, Alexander journeyed beyond this world and encountered an angelic being who guided him into the deepest realms of super-physical existence. There he met, and spoke with, the Divine source of the universe itself. This story sounds like the wild imaginings of a skilled fantasy writer. But it is not fantasy. Before Alexander underwent his journey, he could not reconcile his knowledge of neuroscience with any belief in heaven, God, or the soul. That difficulty with belief created an empty space that no professional triumph could erase. Today he is a doctor who believes that true health can be achieved only when we realize that God and the soul are real and that death is not the end of personal existence but only a transition. This story would be remarkable no matter who it happened to. That it happened to Dr. Alexander makes it revolutionary"--
Assigning source Provided by publisher.
600 10 - SUBJECT ADDED ENTRY--PERSONAL NAME
Personal name Alexander, Eben.
650 #0 - SUBJECT ADDED ENTRY--TOPICAL TERM
Topical term or geographic name entry element Neurosurgeons
Geographic subdivision United States
Form subdivision Biography.
650 #0 - SUBJECT ADDED ENTRY--TOPICAL TERM
Topical term or geographic name entry element Religion
9 (RLIN) 262
Topical term following geographic name entry element Holy Bible
650 #0 - SUBJECT ADDED ENTRY--TOPICAL TERM
Topical term or geographic name entry element Near-death experiences
Geographic subdivision United States.
650 #7 - SUBJECT ADDED ENTRY--TOPICAL TERM
Topical term or geographic name entry element RELIGION / Eschatology.
Source of heading or term bisacsh
650 #7 - SUBJECT ADDED ENTRY--TOPICAL TERM
Topical term or geographic name entry element RELIGION / Religion & Science.
Source of heading or term bisacsh
650 #7 - SUBJECT ADDED ENTRY--TOPICAL TERM
Topical term or geographic name entry element MEDICAL / General.
Source of heading or term bisacsh
653 ## - INDEX TERM--UNCONTROLLED
Uncontrolled term რელიგია
856 42 - ELECTRONIC LOCATION AND ACCESS
Materials specified Cover image
Uniform Resource Identifier <a href="http://www.netread.com/jcusers2/1247/182/9781451695182/image/lgcover.9781451695182.jpg">http://www.netread.com/jcusers2/1247/182/9781451695182/image/lgcover.9781451695182.jpg</a>
906 ## - LOCAL DATA ELEMENT F, LDF (RLIN)
a 7
b cbc
c orignew
d 1
e ecip
f 20
g y-gencatlg
942 ## - ADDED ENTRY ELEMENTS (KOHA)
Source of classification or shelving scheme
Koha item type Books
Edition 1
Holdings
Withdrawn status Lost status Source of classification or shelving scheme Damaged status Not for loan Permanent location Current location Date acquired Inventory number Total Checkouts Full call number Barcode Date last seen Price effective from Koha item type
          Ken Walker International University Ken Walker International University 02/22/2021 1595   2 A-33 1595 02/22/2021 02/22/2021 Books

Powered by Koha